Catalog

Record Details

Catalog Search



Acts of war  Cover Image Book Book

Acts of war / created by Tom Clancy and Steve Pieczenik.

Clancy, Tom, 1947-2013 (Author). Pieczenik, Steve R. (Added Author). Clancy, Tom, 1947-2013 (Added Author).

Summary:

Kurdish terrorists have attacked a dam nside the borders of Turkey, threatening the water supply of their very homeland. It is not insanity, but the first step in a deceptively simple plan: force all-out war in the middle east, drawing in the major players in the new world order.

Record details

  • ISBN: 9780425156018
  • ISBN: 042515601X
  • Physical Description: 492 pages : map ; 18 cm
  • Edition: Berkley edition.
  • Publisher: New York : Berkley Books, 1997.
Subject: Crisis management in government > United States > Fiction.
Kurds > Fiction.
Terrorists > Fiction.
Middle East > Fiction.
Genre: Action and adventure fiction.

LDR 01582cam a2200397Ia 4500
001153129
003CONS
00520200225091630.0
008970211s1997 nyub 000 1 eng d
010 . ‡a 97809669
020 . ‡a9780425156018 ‡q(pbk.)
020 . ‡a042515601X ‡q(pbk.)
035 . ‡a(CPomAG)LMN615364
043 . ‡aaw-----
050 4. ‡aPS3553.L245 ‡bA2 1997
08204. ‡a813/.54 ‡221
1001 . ‡aClancy, Tom, ‡d1947-2013.
24510. ‡aActs of war / ‡ccreated by Tom Clancy and Steve Pieczenik.
250 . ‡aBerkley edition.
260 . ‡aNew York : ‡bBerkley Books, ‡c1997.
300 . ‡a492 pages : ‡bmap ; ‡c18 cm
336 . ‡atext ‡btxt ‡2rdacontent
337 . ‡aunmediated ‡bn ‡2rdamedia
338 . ‡avolume ‡bnc ‡2rdacarrier
4901 . ‡aTom Clancy's Op-center ; ‡v4
520 . ‡aKurdish terrorists have attacked a dam nside the borders of Turkey, threatening the water supply of their very homeland. It is not insanity, but the first step in a deceptively simple plan: force all-out war in the middle east, drawing in the major players in the new world order.
650 0. ‡aCrisis management in government ‡zUnited States ‡vFiction.
650 0. ‡aKurds ‡vFiction.
650 0. ‡aTerrorists ‡vFiction.
651 0. ‡aMiddle East ‡vFiction.
655 7. ‡aAction and adventure fiction. ‡2lcgft
7001 . ‡aPieczenik, Steve R.
7001 . ‡aClancy, Tom, ‡d1947-2013.
830 0. ‡aTom Clancy's Op-center ; ‡v4.
959 . ‡i32269001141863 ‡lF Cla ‡aAdult - Fiction ‡tPaperback ‡g15.00
852 . ‡p32269001141863 ‡jF Cla ‡gAdult - Fiction ‡cPaperback ‡y15.00 ‡bSBPL
901 . ‡a153129 ‡bUnknown ‡c153129 ‡tbiblio

Additional Resources